¡Alerta los pueblos! : estudio político-militar del período final de la guerra española /
Historia política y militar de los últimos momentos de la guerra civil española y del comienzo del franquismo.
保存先:
| 第一著者: | |
|---|---|
| フォーマット: | 図書 |
| 言語: | スペイン語 |
| 出版事項: |
Buenos Aires, Argentina :
Aniceto López Editor,
1939, c1939
|
| 主題: | |
| タグ: |
タグなし, このレコードへの初めてのタグを付けませんか!
|
MARC
| LEADER | 00000nam^a2200000^a^4500 | ||
|---|---|---|---|
| 001 | 000131181 | ||
| 005 | 20250521000000.0 | ||
| 009 | 20260310095012.841 | ||
| 037 | |a Acervo ITESO - Biblioteca | ||
| 041 | |a ESP | ||
| 082 | |a 946. 081 |b ROJ | ||
| 100 | |a Rojo, Vicente |e (autor) | ||
| 245 | 1 | 0 | |a ¡Alerta los pueblos! : |b estudio político-militar del período final de la guerra española / |c V. Rojo. |
| 264 | 4 | |a Buenos Aires, Argentina : |b Aniceto López Editor, |c 1939, c1939 | |
| 300 | |a 332 p. | ||
| 336 | |a texto |b txt |2 rdacontenido | ||
| 337 | |a sin mediación |b n |2 rdamedio | ||
| 338 | |a volumen |b nc |2 rdasoporte | ||
| 520 | |a Historia política y militar de los últimos momentos de la guerra civil española y del comienzo del franquismo. | ||
| 649 | |a XX | ||
| 650 | |a España - |x Condiciones Políticas | ||
| 650 | |a Fuerzas Armadas - |z España - |x Historia | ||
| 650 | |a Militarismo - |z España - |x Historia | ||
| 650 | |a Política - |z España - |x Historia - |y Guerra Civil, 1936-1939 | ||
| 650 | |a España - |x Historia - |y Guerra Civil, 1936-1939 | ||
| 650 | |a España - |x Historia - |y República, 1931-1939 | ||
| 650 | |a España - |x Historia - |y Siglo XX | ||
| 910 | |a Fondo Salvador Reynoso Reynoso | ||
| 920 | |a Impresos - Libros | ||
| 930 | |a Fondos Especiales | ||
| 905 | |a 112 | ||
| 901 | |a 0800011910 |b IT2 |c ESP |u 20250521 | ||
| 902 | |a https://opac.biblio.iteso.mx/vufind/Record/000131181 | ||